East Midlands, England - Biggest Places - Statistics

General Stats
  • This quiz has been taken 37 times
  • The average score is 26 of 100
Answer Stats
Rank Place Name County Population % Correct
2 Nottingham Nottinghamshire 299,797
100%
3 Derby Derbyshire 275,599
96%
1 Leicester Leicestershire 406,588
96%
4 Northampton Northamptonshire 243,511
96%
5 Lincoln Lincolnshire 104,565
88%
9 Mansfield Nottinghamshire 63,438
77%
6 Chesterfield Derbyshire 76,402
73%
15 Boston Lincolnshire 45,339
58%
10 Kettering Northamptonshire 63,144
58%
8 Loughborough Leicestershire 64,884
58%
16 Grantham Lincolnshire 44,898
50%
41 Skegness Lincolnshire 20,704
50%
43 Buxton Derbyshire 20,048
46%
7 Corby Northamptonshire 68,164
46%
37 Gainsborough Lincolnshire 21,908
46%
69 Matlock Derbyshire 11,986
46%
68 Oakham Rutland 12,149
46%
19 Ilkeston Derbyshire 38,735
42%
30 Melton Mowbray Leicestershire 27,457
42%
28 Newark on Trent Nottinghamshire 29,748
42%
17 Worksop Nottinghamshire 43,439
42%
13 Beeston Nottinghamshire 52,356
38%
45 Belper Derbyshire 19,077
38%
49 Glossop Derbyshire 17,825
38%
20 Long Eaton Derbyshire 37,817
38%
40 Stamford Lincolnshire 20,742
38%
18 Arnold Nottinghamshire 39,995
35%
34 Retford Nottinghamshire 23,740
35%
48 Sleaford Lincolnshire 18,033
35%
22 Sutton-in-Ashfield Nottinghamshire 36,404
35%
11 Wellingborough Northamptonshire 54,412
35%
57 Ashby-de-la-Zouch Leicestershire 15,120
31%
36 Coalville Leicestershire 21,988
31%
29 Daventry Northamptonshire 27,786
31%
23 Hucknall Nottinghamshire 35,849
31%
51 Louth Lincolnshire 17,429
31%
32 Market Harborough Leicestershire 24,171
31%
21 West Bridgford Nottinghamshire 36,487
31%
35 Clifton Nottinghamshire 22,936
27%
14 Hinckley Leicestershire 50,712
27%
52 North Hykeham Lincolnshire 16,844
27%
33 Oadby Leicestershire 24,040
27%
72 Towcester Northamptonshire 11,331
27%
12 Carlton Nottinghamshire 53,555
23%
31 Heanor Derbyshire 24,265
23%
38 Kirkby-in-Ashfield Nottinghamshire 21,285
23%
96 Alfreton Derbyshire 8,799
19%
94 Ashbourne Derbyshire 8,858
19%
76 Ollerton Nottinghamshire 10,872
19%
24 Wigston Leicestershire 34,738
19%
81 Bingham Nottinghamshire 10,108
15%
73 Bolsover Derbyshire 11,216
15%
50 Bourne Lincolnshire 17,490
15%
92 Clay Cross Derbyshire 8,919
15%
39 Dronfield Derbyshire 21,146
15%
47 Eastwood Nottinghamshire 18,887
15%
77 Lutterworth Leicestershire 10,521
15%
42 Ripley Derbyshire 20,176
15%
26 Rushden Northamptonshire 31,690
15%
27 Spalding Lincolnshire 30,556
15%
59 Stapleford Nottinghamshire 15,041
15%
67 Balderton Nottinghamshire 12,875
12%
61 Birstall Leicestershire 14,313
12%
62 Blaby Leicestershire 14,088
12%
54 Brackley Northamptonshire 16,195
12%
75 Earl Shilton Leicestershire 10,879
12%
88 New Mills Derbyshire 9,197
12%
86 Sandiacre Derbyshire 9,368
12%
60 Shepshed Leicestershire 14,875
12%
71 Shirebrook Derbyshire 11,572
12%
85 Thurmaston Leicestershire 9,508
12%
79 Burton Latimer Northamptonshire 10,444
8%
70 Desborough Northamptonshire 11,910
8%
97 Holbeach Lincolnshire 8,757
8%
87 Irthlingborough Northamptonshire 9,325
8%
44 Mansfield Woodhouse Nottinghamshire 19,525
8%
65 Narborough Leicestershire 13,190
8%
83 Nuthall Nottinghamshire 9,576
8%
80 Raunds Northamptonshire 10,233
8%
98 Rothwell Northamptonshire 8,624
8%
58 Somercotes Derbyshire 15,096
8%
55 South Normanton Derbyshire 16,015
8%
64 Syston Leicestershire 13,619
8%
89 Barwell Leicestershire 9,148
4%
74 Brimington Derbyshire 11,070
4%
99 East Leake Nottinghamshire 8,555
4%
46 Forest Town Nottinghamshire 19,004
4%
95 Higham Ferrers Northamptonshire 8,827
4%
63 Kirby Muxloe Leicestershire 13,846
4%
66 Mountsorrel Leicestershire 12,885
4%
91 Sileby Leicestershire 8,959
4%
56 Staveley Derbyshire 15,146
4%
78 Whitwick Leicestershire 10,451
4%
82 Broughton Astley Leicestershire 9,647
0%
53 Hadfield Derbyshire 16,280
0%
93 Harworth Nottinghamshire 8,884
0%
100 Hilton Derbyshire 8,266
0%
90 Killamarsh Derbyshire 9,082
0%
84 North Wingfield Derbyshire 9,534
0%
25 Swandlincote Derbyshire 34,576
0%
No matching quizzes found
Score Distribution
Percent of People with Each Score
Percentile by Number Answered
Your Score History
You have not taken this quiz